La incapacidad para asumir las obligaciones esenciales del matrimonio por causas psíquicas, como capítulo de nulidad
Furkejuvvon:
| Váldodahkki: | |
|---|---|
| Materiálatiipa: | Girji |
| Giella: | espánnjágiella |
| Almmustuhtton: |
Barcelona
Librería Bosch
1989
|
| Fáttát: | |
| Fáddágilkorat: |
Lasit fáddágilkoriid
Eai fáddágilkorat, Lasit vuosttaš fáddágilkora!
|
MARC
| LEADER | 00000nam a2200000 a 4500 | ||
|---|---|---|---|
| 001 | UCV2891 | ||
| 003 | CL-VaPUC | ||
| 008 | 921217e19890000SP |||||||||||||||||spa|d | ||
| 082 | 0 | 4 | |a 262.94 |b RUA |2 21 |
| 100 | 0 | |a Ruano Espina, Lourdes |e author |9 297196 | |
| 245 | 1 | 3 | |a La incapacidad para asumir las obligaciones esenciales del matrimonio por causas psíquicas, como capítulo de nulidad |
| 300 | |a 307 p | ||
| 942 | |c BK | ||
| 945 | |d 19921217 00:00:00 | ||
| 260 | |a Barcelona |b Librería Bosch |c 1989 | ||
| 650 | 7 | |a CAPACIDAD LEGAL |2 CL-VaPUC |9 257162 | |
| 650 | 7 | |a NULIDAD DEL MATRIMONIO |2 CL-VaPUC |9 297197 | |
| 651 | 0 | |a España |9 254926 | |
| 583 | |a last modification |c 19921217 00:00:00 |k Rodrigo Vera | ||
| 999 | |c 210348 |d 210346 | ||
| 952 | |0 0 |1 0 |4 0 |6 262_940000000000000_RUA_1989 |7 0 |8 A |9 186495 |a BIBDER |b BIBDER |d 2019-11-14 |i 253987K |l 2 |m 1 |o 262.94 RUA 1989 |p 253987K |r 2023-06-05 |s 2023-05-18 |w 2019-11-14 |y BK |k DER | ||